000
00260nam a2200109Ia 4500
008
230724s1999 xx und d
041
_a
eng
100
_a
BUDHANANDA S
245
_a
CAN ONE BE SCIENTIFIC AND YET SPIRITUAL ?
260
_c
1999
300
_a
536
999
_c
1177830
_d
1177830